Tčnicas Bs̀icas de Litigacin̤ Oral en Materia Penal

Detalles Bibliográficos
Autor principal: Martn̕ez-Bastida, Eduardo
Formato: eBook
Lenguaje:español
Publicado: Coyoacǹ : Ral︢ Jur̀ez Carro Editorial, 2012
Materias:
Acceso en línea:http://www.vlex.com/source/7391

MARC

LEADER 00000nam a22000007a 4500
005 20130305155139.0
007 cr|||| ||||
008 130305e2012 mx |||||s|||| 00||0 spa d
035 |a 7391 
040 |a vLex 
090 |c 3833  |d 3833 
100 1 0 |a Martn̕ez-Bastida, Eduardo 
245 1 0 |a Tčnicas Bs̀icas de Litigacin̤ Oral en Materia Penal  |h [Recurso electrn̤ico]  |c / Eduardo Martn̕ez-Bastida  
256 |a Servicio en ln̕ea 
260 |a Coyoacǹ :   |b Ral︢ Jur̀ez Carro Editorial,   |c 2012 
300 |a 1 Recurso electrn̤ico 
506 |d vLex Global  |d vLex Global (Academic Edition, excluding Law Schools)  |d vLex Global (U.S. Academic Edition, Law Schools)  |d vLex Global (U.S. Academic Edition, excluding Law Schools)  |d vLex Global (Academic Edition, Law Schools) 
650 0 4 |a Procedimiento penal  |z Mx̌ico 
740 |a vLex Libros (Servicio en ln̕ea) 
856 |a Acceso restringido  |u http://www.vlex.com/source/7391 
942 |c BOOK 
999 0 |a Criminal procedure